| 000 | 00541 a2200181 4500 | ||
|---|---|---|---|
| 001 | 139118 | ||
| 040 | _cLeonardo Da Vinci | ||
| 041 | _aPortuguês | ||
| 082 |
_a330.981 M486d _bM486d |
||
| 100 | _aMELO FILHO, Murilo | ||
| 245 | _aO desafio brasileiro | ||
| 250 | _a12.ed | ||
| 260 |
_bBloch _c1972 _aRio de Janeiro |
||
| 300 | _a363 | ||
| 362 | _a19720000 | ||
| 697 |
_aEconomia _aAvanço americano _aProgresso _aInflação _aEducação _aPetróleo _aPetroquímica _aNordeste _aHabitação _aSaúde _aExportação _aBrasil _aFIPEN |
||
| 942 | _cBK | ||
| 999 |
_c139118 _d139118 |
||